Změny účetní a daňové legislativy v roce 2007 příprava výuky na tyto změny

Salvato in:
Dettagli Bibliografici
Enti autori: Změny účetní a daňové legislativy v roce 2007. Pedagogická konference, Fakulta financí a účetnictví Vysoké školy ekonomické v Praze. Katedra finančního účetnictví
Altri autori: Zelenková, Marie
Natura: Libro
Lingua:ceco
slovacco
Pubblicazione: Bratislava Siemens 2006
Soggetti:
Tags: Aggiungi Tag
Nessun Tag, puoi essere il primo ad aggiungerne!!

MARC

LEADER 00000nam$a2200000$$$4500
001 0050598
005 20240104135323.7
020 |a 80-239-8367-9 
041 0 |a cze 
041 0 |a slo 
044 |a CZ 
245 1 0 |a Změny účetní a daňové legislativy v roce 2007  |b příprava výuky na tyto změny  |c editor: Marie Zelenková 
264 1 |a Bratislava  |b Siemens  |c 2006 
300 |a 182 s. 
610 2 0 |a účtovníctvo 
610 2 0 |a dane 
610 2 0 |a legislatíva 
610 2 0 |a Česko 
610 2 0 |a didaktika 
610 2 0 |a 2006 
700 1 |a Zelenková, Marie 
110 2 |a Změny účetní a daňové legislativy v roce 2007. Pedagogická konference 
710 2 |a Fakulta financí a účetnictví Vysoké školy ekonomické v Praze. Katedra finančního účetnictví